| 000 | 007020000a22002050004500 | ||
|---|---|---|---|
| 003 | LK-CoMWRAF | ||
| 008 | 230817t ||||| |||| 00| 0 eng d | ||
| 040 |
_aLK-CoMWRAF _dLK-CoMWRAF _eLK-CoMWRAF |
||
| 041 | _aeng | ||
| 082 |
_a305.42 _bCOU |
||
| 111 |
_aIN THE COURT OF WOMEN _c(Lahore, Pakistan _d29 December 1993- 7 January 1994) |
||
| 245 |
_aIn the court of women: _bthe Lahore tribunal on violence against women, 1993-94 |
||
| 260 |
_aLahore: _bSimorgh Women's Resource and Publication Centre, _c1995 |
||
| 300 | _a91 p. ; 24 cm. | ||
| 650 | _aWOMEN-Crimes against--Asia--Congresses | ||
| 650 | _aAbused women-Asia | ||
| 650 | _aWomen's rights-Asia | ||
| 650 | _aViolence-Asia | ||
| 942 | _cCP | ||
| 999 |
_c539 _d539 |
||